Badly Drawn Logos - Statistics

General Stats
  • This quiz has been taken 118 times
  • The average score is 10 of 12
Answer Stats
Picture Answer % Correct
McDonalds
96%
Google Chrome
95%
Microsoft
95%
HP
94%
Nike
94%
Pepsi
94%
Target
94%
Walmart
89%
Life's Good
88%
Spotify
73%
Chevrolet
72%
Canva
28%
No matching quizzes found
Score Distribution
Percent of People with Each Score
Percentile by Number Answered
Your Score History
You have not taken this quiz